| 000 | 00538nac a22001451u 4500 | ||
|---|---|---|---|
| 008 | 080827s ua|||||r|||| 000 0 ara d | ||
| 020 | _a9775030536 | ||
| 082 |
_a147 _bع د و |
||
| 245 |
_aبحوث فى المعرفة الروحية: _bكوكب الارض وبشريته فى الالفية الثالثة/ _cمحمد صادق العدوي |
||
| 260 |
_a[القاهرة ] : _b[د.ن]، _c2003. |
||
| 300 |
_a143ص؛ _c24 سم |
||
| 504 | _aببليوجرافية: ص141-143 | ||
| 511 | _aCatalogued by: Sara | ||
| 942 |
_cBB _k147ع د و _2ddc |
||
| 999 |
_c6654 _d6654 |
||